| 000 | 00776nam a2200253 a 4500 | ||
|---|---|---|---|
| 008 | |||
| 020 | _a1859710395 (pbk.) | ||
| 049 | _aMAIN | ||
| 090 |
_aHF5657.4 _bKEN. |
||
| 100 | _aKennedy, A. | ||
| 245 | 1 | 0 |
_aManagement accounting _nstage three : _bapplications knowledge / _cA. Kennedy and K. Sugden. |
| 260 |
_aLondon : _bThe Chartered Institute of Management Accounts, _c1994. |
||
| 300 |
_a190 p. ; _c30 cm. |
||
| 440 | _aCIMA | ||
| 504 | _aIncludes bibliographical references. | ||
| 650 |
_aManagement accounting _vapplications |
||
| 650 | _aKnowledge. | ||
| 700 | _aSugden, K. | ||
| 907 |
_a.b10280169 _b22-05-13 _c05-08-10 |
||
| 003 | |||
| 005 | 20230123125028.0 | ||
| 040 | _cNUST | ||
| 942 |
_cBOOKS _kHF5657.4 _mKEN. |
||
| 999 |
_c134465 _d134465 |
||